MARC details
| 000 -LEADER |
| fixed length control field |
01826cam a2200349 i 4500 |
| 003 - CONTROL NUMBER IDENTIFIER |
| control field |
TR-AnTOB |
| 005 - DATE AND TIME OF LATEST TRANSACTION |
| control field |
20220728111148.0 |
| 007 - PHYSICAL DESCRIPTION FIXED FIELD--GENERAL INFORMATION |
| fixed length control field |
ta |
| 008 - FIXED-LENGTH DATA ELEMENTS--GENERAL INFORMATION |
| fixed length control field |
830118m19619999gw ac b 001 0 ger |
| 010 ## - LIBRARY OF CONGRESS CONTROL NUMBER |
| LC control number |
32016460 |
| 035 ## - SYSTEM CONTROL NUMBER |
| System control number |
.b29174041 |
| 040 ## - CATALOGING SOURCE |
| Original cataloging agency |
DLC |
| Language of cataloging |
eng |
| Description conventions |
rda |
| Transcribing agency |
UMR |
| Modifying agency |
WaOLN |
| -- |
UtOrBLW |
| -- |
TR-AnTOB |
| 041 0# - LANGUAGE CODE |
| Language code of text/sound track or separate title |
Almanca |
| 050 #4 - LIBRARY OF CONGRESS CALL NUMBER |
| Classification number |
TP255 |
| Item number |
.H36 1961 |
| 090 ## - LOCALLY ASSIGNED LC-TYPE CALL NUMBER (OCLC); LOCAL CALL NUMBER (RLIN) |
| Classification number (OCLC) (R) ; Classification number, CALL (RLIN) (NR) |
TP255 |
| Local cutter number (OCLC) ; Book number/undivided call number, CALL (RLIN) |
.H36 1961 |
| 245 00 - TITLE STATEMENT |
| Title |
Handbuch der technischen Elektrochemie / |
| Statement of responsibility, etc. |
unter Mitwirkung zahlreicher Fachleute herausgegeben von Georg Eger. |
| 250 ## - EDITION STATEMENT |
| Edition statement |
2. auflage |
| 264 #1 - PRODUCTION, PUBLICATION, DISTRIBUTION, MANUFACTURE, AND COPYRIGHT NOTICE |
| Place of production, publication, distribution, manufacture |
Leipzig : |
| Name of producer, publisher, distributor, manufacturer |
Akademische Verlagsgesellschaft, |
| Date of production, publication, distribution, manufacture, or copyright notice |
1961- |
| 300 ## - PHYSICAL DESCRIPTION |
| Extent |
volumes : |
| Other physical details |
illustrations, portrait ; |
| Dimensions |
25 cm |
| 336 ## - CONTENT TYPE |
| Content type term |
text |
| Content type code |
txt |
| Source |
rdacontent |
| 337 ## - MEDIA TYPE |
| Media type term |
unmediated |
| Media type code |
n |
| Source |
rdamedia |
| 338 ## - CARRIER TYPE |
| Carrier type term |
unspecified |
| Carrier type code |
zu |
| Source |
rdacarrier |
| 500 ## - GENERAL NOTE |
| General note |
Includes vols. of various editions |
|
| General note |
Each vol. has also special t. p |
|
| General note |
Vols. published 1931- :Unter Mitwirkung zahlreicher Fachleute hrsg. von Viktor Engelhardt. |
| 505 0# - FORMATTED CONTENTS NOTE |
| Formatted contents note |
Contents.-1. Bd. Die technische Elektrolyse wässeriger Lösungen, A: Die technische Elektometallurgie wässeriger Lösungen, 1931-33. 3 v. -2. Bd. Die technische Elektrolyse wässeriger Lösungen, B: Anwendungen in der chemischen industrie, 1933. 2 v. -3. Bd. Die technische Elektrolyse in Schmelzfluss, 1934; 2. Aufl., 1955. -4. Bd. 1. T.: Die grundlagen der elektrischen Ofenheizung, von F. Walter, 1950. 2. T.A.: Die Anwendung des elektrischen Ofens in der Industrie der Eisenmetalle, 1955. 3. T. A: Elektroöfen in der Industrie der Nichteisenmetalle, 1956. 3 v. -5. Bd. 1. T: Calciumkarbid und die Karbidindustrie, von M. Wildhagen, 1953 |
| 650 #0 - SUBJECT ADDED ENTRY--TOPICAL TERM |
| Topical term or geographic name entry element |
Electrochemistry, Industrial |
| 9 (RLIN) |
134935 |
| 700 1# - ADDED ENTRY--PERSONAL NAME |
| Personal name |
Eger, Georg, |
| Dates associated with a name |
1883- |
| Relator term |
editor |
| 9 (RLIN) |
137864 |
| 942 ## - ADDED ENTRY ELEMENTS (KOHA) |
| Source of classification or shelving scheme |
Library of Congress Classification |
| Koha item type |
Book |